00783pam a2200241 a 4500999001500000001000600015003000900021005001700030008004100047020001800088040002800106082002300134100002100157245008800178260004300266300002800309650001200337650001600349650002400365700001900389942001200408952012100420 c1899d189920065BD-DhUAP20200217154913.0200217s2015 ii b 000 0 eng  a9789351452096 aDLCcDLCdBD-DhUAPbeng00a345.540773 MAL223 aMalik, Surendra.10aSupreme Court on death sentence in murder cases /cSurendra Malik and Sudeep Malik. aNew Delhi :bEastern book co.,cc2015. avarious pages ;c22 cm. 0aMurder. 0aPunishment. 0aCapital punishment. aMalik, Sudeep. 2ddccBK 00102ddc4070aUAPCLbUAPCLcGeneral Stacksd2020-02-17o345.540773 MALp3010020065r2020-02-17t1w2020-02-17yBK